[Event "Catalunya-chT Gp1 Relegation 1"]
[Site "Barcelona"]
[Date "2025.03.15"]
[Round "4.5"]
[White "Masague Artero, Guerau"]
[Black "Gomila Benejam, Teodoro"]
[Result "1-0"]
[WhiteElo "2343"]
[BlackElo "2021"]
[PlyCount "67"]
[EventDate "2025.02.22"]
[EventType "team-k.o."]
[EventRounds "4"]
[EventCountry "ESP"]
[SourceTitle "CB18_2025"]
[SourceDate "2025.04.30"]
[SourceVersion "1"]
[SourceVersionDate "2025.04.30"]
[SourceQuality "1"]
[WhiteTeam "Barcelona Escacs CC"]
[BlackTeam "Badalona Cor de Marina"]
[WhiteTeamCountry "ESP"]
[BlackTeamCountry "ESP"]

1. c4 e6 2. Nc3 d5 3. d4 Nf6 4. cxd5 exd5 5. Bg5 Be7 6. e3 0-0 7. Bd3 h6 8. Bh4 c6 9. Nge2 Re8 10. 0-0 Nbd7 11. a4 a5 12. f3 c5 13. Bb5 Rf8 14. Bxd7 Qxd7 15. dxc5 g5 16. Bg3 Bxc5 17. Nd4 Re8 18. Re1 Bd6 19. Bxd6 Qxd6 20. Rc1 Bd7 21. Qb3 Rab8 22. Rcd1 Be6 23. Ncb5 Qb6 24. Qd3 Rbc8 25. Qd2 Bd7 26. Qf2 Kg7 27. Qg3 Bxb5 28. axb5 Kg6 29. Qh3 Qc7 30. Qf5+ Kg7 31. h4 Re5 32. b6 Qd6 33. Qxc8 Qb8 34. Qf5 1-0

[Event "Barcelona Vila de Grаcia op 16th"]
[Site "Barcelona"]
[Date "2022.11.04"]
[Round "6"]
[White "Gomila Benejam, Teodoro"]
[Black "Chanturia, Lasha"]
[Result "0-1"]
[WhiteElo "2111"]
[BlackElo "1711"]
[PlyCount "52"]
[EventDate "2022.09.30"]
[EventType "swiss"]
[EventRounds "9"]
[EventCountry "ESP"]
[SourceTitle "EXT 2024"]
[Source "ChessBase"]
[SourceDate "2023.10.10"]
[SourceVersion "1"]
[SourceVersionDate "2023.10.10"]
[SourceQuality "1"]

1. Nf3 b6 2. d4 Bb7 3. c4 e6 4. Nc3 Bb4 5. Bd2 f5 6. e3 Nf6 7. Be2 Qe7 8. 0-0 Bxc3 9. Bxc3 Ne4 10. Be1 0-0 11. Nd2 d6 12. Rc1 Nd7 13. Nxe4 fxe4 14. b4 Rf6 15. c5 dxc5 16. bxc5 bxc5 17. dxc5 Bd5 18. c6 Ne5 19. Bc3 Qd6 20. Bxe5 Qxe5 21. Qa4 Raf8 22. Bc4 Rh6 23. h3 Qg5 24. Bxd5 exd5 25. Kh2 Rg6 26. g3 Rxf2+ 0-1

[Event "Barcelona Vila de Grаcia op 16th"]
[Site "Barcelona"]
[Date "2022.10.28"]
[Round "5"]
[White "Donas Perez, Emilio"]
[Black "Gomila Benejam, Teodoro"]
[Result "0-1"]
[WhiteElo "1805"]
[BlackElo "2111"]
[PlyCount "88"]
[EventDate "2022.09.30"]
[EventType "swiss"]
[EventRounds "9"]
[EventCountry "ESP"]
[SourceTitle "EXT 2024"]
[Source "ChessBase"]
[SourceDate "2023.10.10"]
[SourceVersion "1"]
[SourceVersionDate "2023.10.10"]
[SourceQuality "1"]

1. e4 c5 2. Nc3 e6 3. f4 d5 4. Bb5+ Bd7 5. Qe2 dxe4 6. Bxd7+ Qxd7 7. Nxe4 Be7 8. Nf3 Nc6 9. d3 Nh6 10. Be3 b6 11. h3 Nf5 12. Bf2 0-0 13. 0-0 Nfd4 14. Nxd4 Nxd4 15. Qd2 Rad8 16. c3 Nf5 17. Rad1 Qd5 18. b3 Rd7 19. Qe2 Rfd8 20. Rd2 Nd6 21. Nxd6 Qxd6 22. g3 Bf6 23. d4 cxd4 24. Bxd4 Bxd4+ 25. cxd4 Qb4 26. Rfd1 Rxd4 27. Rxd4 Rxd4 28. Rxd4 Qxd4+ 29. Kh2 g6 30. h4 h5 31. Qa6 Qd2+ 32. Kh3 Qd7 33. Kh2 f6 34. a4 Kh7 35. a5 b5 36. b4 Kg7 37. Kg2 g5 38. Kf2 Kg6 39. Ke3 Kf5 40. Kf2 Kg4 41. Kg2 Qd2+ 42. Kg1 Qe1+ 43. Kh2 Qe2+ 44. Kg1 Kh3 0-1

[Event "ESP-ch U18 Rapid"]
[Site "Salobrena"]
[Date "2022.08.07"]
[Round "7"]
[White "Lopez Varela, Pablo"]
[Black "Gomila Benejam, Teodoro"]
[Result "1-0"]
[WhiteElo "2104"]
[BlackElo "1730"]
[PlyCount "91"]
[EventDate "2022.08.06"]
[EventType "swiss (rapid)"]
[EventRounds "9"]
[EventCountry "ESP"]
[SourceTitle "EXT 2023"]
[Source "ChessBase"]
[SourceDate "2022.10.05"]
[SourceVersion "1"]
[SourceVersionDate "2022.10.05"]
[SourceQuality "1"]

1. e4 c5 2. d4 cxd4 3. c3 Nf6 4. e5 Nd5 5. Nf3 e6 6. Bc4 Nc6 7. cxd4 d6 8. 0-0 Be7 9. Qe2 a6 10. Nc3 Nxc3 11. bxc3 Qc7 12. exd6 Bxd6 13. Bd3 Ne7 14. c4 Ng6 15. c5 Be7 16. Rb1 0-0 17. Bxg6 hxg6 18. Ne5 Qd8 19. Rd1 Qd5 20. Nc4 Qf5 21. Be3 Bd8 22. Rb3 Bc7 23. h3 Rd8 24. Rdb1 Qd5 25. Nb6 Bxb6 26. Rxb6 Qe4 27. f3 Qf5 28. R1b2 e5 29. g4 Qd7 30. Rd6 Qc7 31. dxe5 Re8 32. f4 Bd7 33. Rbd2 Bc6 34. Qc4 Qe7 35. g5 Kf8 36. Qe2 Kg8 37. Qg4 Qc7 38. Kf2 Qa5 39. e6 fxe6 40. Rxe6 Rxe6 41. Qxe6+ Kh7 42. f5 gxf5 43. g6+ Kh8 44. Qxf5 Kg8 45. Qf7+ Kh8 46. Rd4 1-0

[Event "ESP-ch U18 Rapid"]
[Site "Salobrena"]
[Date "2022.08.06"]
[Round "3"]
[White "Gomila Benejam, Teodoro"]
[Black "Gonzalez Lema, Carlos"]
[Result "1/2-1/2"]
[WhiteElo "1730"]
[BlackElo "2014"]
[PlyCount "101"]
[EventDate "2022.08.06"]
[EventType "swiss (rapid)"]
[EventRounds "9"]
[EventCountry "ESP"]
[SourceTitle "EXT 2023"]
[Source "ChessBase"]
[SourceDate "2022.10.05"]
[SourceVersion "1"]
[SourceVersionDate "2022.10.05"]
[SourceQuality "1"]

1. e4 e5 2. Nf3 Nc6 3. Bb5 a6 4. Bxc6 dxc6 5. 0-0 f6 6. d4 exd4 7. Nxd4 c5 8. Nb3 Qxd1 9. Rxd1 Be6 10. Be3 c4 11. Nd4 0-0-0 12. Nc3 Bf7 13. Nde2 Rxd1+ 14. Rxd1 Bd6 15. Nd5 Ne7 16. Nxe7+ Bxe7 17. f3 Bd6 18. Kf2 Re8 19. Bf4 Bc5+ 20. Be3 Bf8 21. Nf4 Bd6 22. c3 Rd8 23. Rd2 b5 24. a3 c6 25. Ne2 Rd7 26. Nd4 Bc5 27. Ke2 Bxd4 28. Rxd4 Re7 29. Rd6 Be8 30. Bf4 Bd7 31. g4 Kb7 32. h4 f5 33. gxf5 Bxf5 34. Rd8 Bc8 35. Be3 Be6 36. Bc5 Rd7 37. Rxd7+ Bxd7 38. f4 g6 39. Kf3 Be6 40. h5 Kc7 41. hxg6 hxg6 42. Kg3 Kd7 43. Kh4 Ke8 44. Kg5 Kf7 45. Bd6 Bh3 46. f5 gxf5 47. exf5 Bg2 48. f6 a5 49. Kf5 a4 50. Ke5 Bd5 51. Be7 1/2-1/2

[Event "ESP-ch U18"]
[Site "Salobrena"]
[Date "2022.08.02"]
[Round "3"]
[White "Ingunza Curro, Andres"]
[Black "Gomila Benejam, Teodoro"]
[Result "1-0"]
[WhiteElo "2370"]
[BlackElo "2114"]
[PlyCount "64"]
[EventDate "2022.08.01"]
[EventType "swiss"]
[EventRounds "9"]
[EventCountry "ESP"]
[SourceTitle "EXT 2023"]
[Source "ChessBase"]
[SourceDate "2022.10.05"]
[SourceVersion "1"]
[SourceVersionDate "2022.10.05"]
[SourceQuality "1"]

1. Nf3 d5 2. g3 Nf6 3. Bg2 e6 4. 0-0 c5 5. d3 Nc6 6. Nbd2 g6 7. e4 Bg7 8. exd5 Nxd5 9. Nb3 b6 10. c4 Nde7 11. d4 cxd4 12. Nfxd4 Bb7 13. Bg5 Qb8 14. Nxc6 Bxc6 15. Bxc6+ Nxc6 16. Qf3 Qc7 17. c5 0-0 18. cxb6 Qxb6 19. Rfc1 Rac8 20. Be3 Qb7 21. Rab1 Qd7 22. Rd1 Qb7 23. Nc5 Qb5 24. Qe4 Ne5 25. b4 Rfd8 26. Bf4 Nc6 27. Rxd8+ Nxd8 28. a4 Qc6 29. Rd1 Bf8 30. Rxd8 Qxe4 31. Rxf8+ Kxf8 32. Nxe4 Kg8 1-0

[Event "Baleares-chT"]
[Site "Palma de Mallorca"]
[Date "2022.02.19"]
[Round "5.4"]
[White "Simonet Ferrer, Jaime"]
[Black "Gomila Benejam, Teodoro"]
[Result "0-1"]
[WhiteElo "1886"]
[BlackElo "1971"]
[PlyCount "60"]
[EventDate "2022.01.22"]
[EventType "team-tourn"]
[EventRounds "7"]
[EventCountry "ESP"]
[SourceTitle "EXT 2023"]
[Source "ChessBase"]
[SourceDate "2022.10.05"]
[SourceVersion "1"]
[SourceVersionDate "2022.10.05"]
[SourceQuality "1"]
[WhiteTeam "Mallorca Isolani"]
[BlackTeam "Cercle Artistic de Ciutadella"]
[WhiteTeamCountry "ESP"]
[BlackTeamCountry "ESP"]

1. d4 d5 2. Nf3 Nf6 3. c4 c6 4. g3 e6 5. Bg2 Be7 6. Nc3 0-0 7. 0-0 b6 8. b3 Nbd7 9. Qc2 Ba6 10. Nd2 Rc8 11. Rd1 c5 12. dxc5 d4 13. c6 Ne5 14. Nde4 Nxc6 15. Nxf6+ Bxf6 16. Ba3 dxc3 17. Rxd8 Rfxd8 18. Bxc6 Rxc6 19. Rd1 Rcc8 20. Bc1 b5 21. Rxd8+ Rxd8 22. cxb5 Bxb5 23. Be3 h5 24. h4 Bc6 25. Bg5 Bxg5 26. hxg5 Rd2 27. Qc1 Be4 28. f3 Rc2 29. Qd1 Rb2 30. fxe4 c2 0-1

[Event "ESP-ch U18"]
[Site "Salobrena"]
[Date "2019.07.27"]
[Round "9"]
[White "Gomila Benejam, Teodoro"]
[Black "Berasategui Morillo, Alberto"]
[Result "1-0"]
[WhiteElo "1821"]
[BlackElo "1649"]
[PlyCount "71"]
[EventDate "2019.07.22"]
[EventType "swiss"]
[EventRounds "9"]
[EventCountry "ESP"]
[SourceTitle "CBM 191 Extra"]
[Source "ChessBase"]
[SourceDate "2019.09.30"]
[SourceVersion "1"]
[SourceVersionDate "2019.09.30"]
[SourceQuality "1"]

1. e4 e6 2. d3 d5 3. Nd2 Nf6 4. Ngf3 c5 5. g3 Be7 6. Bg2 Nc6 7. 0-0 0-0 8. Re1 b5 9. e5 Nd7 10. Nf1 b4 11. h4 Nd4 12. Nxd4 cxd4 13. Qg4 Re8 14. Qxd4 Qc7 15. c4 Bc5 16. Qf4 Bb7 17. d4 Bf8 18. c5 f6 19. exf6 Qxf4 20. Bxf4 gxf6 21. Bh3 Kf7 22. Bg4 Bc6 23. Bh5+ Kg8 24. Bxe8 Rxe8 25. Bd6 Bxd6 26. cxd6 e5 27. Rac1 Bb5 28. Ne3 Re6 29. Nxd5 Rxd6 30. Ne7+ Kf7 31. Nf5 Ra6 32. dxe5 Nxe5 33. Rc7+ Kg6 34. Ne7+ Kf7 35. Nc6+ Kg6 36. Nxe5+ 1-0

[Event "Mallorca-ch"]
[Site "Mallorca"]
[Date "2019.04.27"]
[Round "?"]
[White "Gomila Benejam, Teodoro"]
[Black "Amengual Perello, Jordi"]
[Result "0-1"]
[WhiteElo "1798"]
[BlackElo "1939"]
[PlyCount "82"]
[EventDate "2019.04.26"]
[EventType "swiss"]
[EventRounds "5"]
[EventCountry "ESP"]
[SourceTitle "EXT 2024"]
[Source "ChessBase"]
[SourceDate "2023.10.10"]
[SourceVersion "1"]
[SourceVersionDate "2023.10.10"]
[SourceQuality "1"]

1. c4 c5 2. Nf3 Nc6 3. Nc3 g6 4. e3 Nf6 5. d4 cxd4 6. exd4 d5 7. cxd5 Nxd5 8. Bc4 Nxc3 9. Qb3 Nd5 10. Bxd5 e6 11. Bxc6+ bxc6 12. 0-0 f6 13. Bf4 Qd5 14. Rac1 g5 15. Be3 Bd6 16. Qxd5 cxd5 17. Rc6 Ke7 18. Rfc1 Bd7 19. R6c2 Rhb8 20. Ne1 Bb5 21. Rc3 Kd7 22. b3 Rc8 23. Nd3 Bxd3 24. Rxd3 Rxc1+ 25. Bxc1 Rc8 26. Be3 Rc2 27. a4 Bb4 28. g4 Kc6 29. f4 gxf4 30. Bxf4 Rc3 31. Re3 e5 32. Rxc3+ Bxc3 33. dxe5 fxe5 34. Bg5 Kc5 35. Be7+ Kd4 36. Kf2 Kd3 37. Bh4 e4 38. Kf1 e3 39. Be1 e2+ 40. Kf2 Bxe1+ 41. Kxe1 Ke3 0-1

[Event "Mallorca-ch U18"]
[Site "Mallorca"]
[Date "2019.04.19"]
[Round "1"]
[White "Gomila Benejam, Teodoro"]
[Black "Tomas Viver, Antoni"]
[Result "1-0"]
[WhiteElo "1798"]
[BlackElo "1224"]
[PlyCount "47"]
[EventDate "2019.04.19"]
[EventType "swiss"]
[EventRounds "5"]
[EventCountry "ESP"]
[SourceTitle "EXT 2024"]
[Source "ChessBase"]
[SourceDate "2023.10.10"]
[SourceVersion "1"]
[SourceVersionDate "2023.10.10"]
[SourceQuality "1"]

1. e4 e5 2. Nf3 Nf6 3. Nxe5 d6 4. Nf3 Nxe4 5. Nc3 Nxc3 6. dxc3 Be7 7. Bf4 0-0 8. Qd2 Nc6 9. 0-0-0 Be6 10. Kb1 Qd7 11. Bd3 Rfd8 12. h4 Bg4 13. Rde1 Bf5 14. Ng5 h6 15. Bxf5 Qxf5 16. g4 Qc5 17. Qd3 g6 18. Ne4 Qa5 19. Bxh6 Ne5 20. Qe2 Qb6 21. f4 d5 22. fxe5 dxe4 23. Qxe4 f5 24. exf6 1-0

[Event "ESP-ch U12"]
[Site "Granada"]
[Date "2016.07.08"]
[Round "8"]
[White "Cubells Vazquez, Pablo"]
[Black "Gomila Benejam, Teodoro"]
[Result "1/2-1/2"]
[WhiteElo "1742"]
[BlackElo "1494"]
[PlyCount "78"]
[EventDate "2016.07.04"]
[EventType "swiss"]
[EventRounds "9"]
[EventCountry "ESP"]
[SourceTitle "EXT 2024"]
[Source "ChessBase"]
[SourceDate "2023.10.10"]
[SourceVersion "1"]
[SourceVersionDate "2023.10.10"]
[SourceQuality "1"]

1. e4 c5 2. Nf3 d6 3. d4 cxd4 4. Nxd4 Nf6 5. Nc3 a6 6. f3 e6 7. Be3 b5 8. a3 Nbd7 9. Be2 Bb7 10. 0-0 Qc7 11. Qd2 Be7 12. Nb3 0-0 13. Kh1 Rac8 14. Rad1 Rfd8 15. Rfe1 d5 16. exd5 Nxd5 17. Nxd5 Bxd5 18. Nd4 Bf6 19. c3 Nb6 20. Qc1 Bc4 21. Bg5 Bxg5 22. Qxg5 Bxe2 23. Rxe2 Nc4 24. Rde1 Nxb2 25. Nxe6 fxe6 26. Rxb2 Qxc3 27. Rbe2 Rd6 28. Qe7 Qc6 29. Rxe6 Rxe6 30. Rxe6 Qd6 31. g3 Qxe7 32. Rxe7 Rc1+ 33. Kg2 Rc2+ 34. Kh3 Rc3 35. a4 b4 36. Re6 Rxf3 37. Rxa6 Ra3 38. a5 b3 39. Rb6 Rxa5 1/2-1/2